00257pam a2200109 a 4500020000500000041000800005082001300013100002400026245005000050260003700100300001000137 c aeng a310bBAL aBalehandarvi , N.K. aFundamentals of StatisticshTextual Documents aDelhi:bRatan Prakashan ,c1984. a572p.